| 000 | 00808cam a2200193 a 4500 | ||
|---|---|---|---|
| 020 | _a0710303610 | ||
| 082 |
_a297.5 _bMAL _cL31,p-54 |
||
| 100 | 0 |
_aMālik ibn Anas, _937338 |
|
| 245 | 1 | 3 |
_aAl-Muwatta of Imam Malik ibn Anas : _bthe first formulation of Islamic law / _cImam Malik ibn Anas ; translated by Aisha Abdurrahman Bewley. |
| 260 |
_aLondon ; _aNew York : _bKegan Paul International ; _aNew York, NY, USA : _bDistributed by Routledge, Chapman and Hall, _c1989. |
||
| 300 |
_axxxviii, 465 p. ; _c26 cm. |
||
| 500 | _aTranslation of: al-Muwaṭṭaʼ. | ||
| 526 |
_a0 _b0 _c0 _d297_500000000000000_MAL |
||
| 650 | 0 |
_aHadith _xEarly works to 1800. _937339 |
|
| 650 | 0 |
_aIslamic law _xEarly works to 1800. _937340 |
|
| 650 | 0 |
_aMalikites _xEarly works to 1800. _937341 |
|
| 650 | 0 |
_aMCE _9379 |
|
| 942 |
_2ddc _cBK |
||
| 999 |
_c542229 _d542229 |
||